Advanced servicing techniques (Record no. 183256)
[ view plain ]
| 000 -LEADER | |
|---|---|
| fixed length control field | 01040 a2200193 4500 |
| 003 - CONTROL NUMBER IDENTIFIER | |
| control field | Nust |
| 005 - DATE AND TIME OF LATEST TRANSACTION | |
| control field | 20221228170806.0 |
| 040 ## - CATALOGING SOURCE | |
| Transcribing agency | Nust |
| 082 ## - DEWEY DECIMAL CLASSIFICATION NUMBER | |
| Classification number | 621.388,ZBA |
| 100 ## - MAIN ENTRY--PERSONAL NAME | |
| Personal name | Paul B Zbar |
| 9 (RLIN) | 106264 |
| 245 ## - TITLE STATEMENT | |
| Title | Advanced servicing techniques |
| Remainder of title | color and black and white television / |
| 250 ## - EDITION STATEMENT | |
| Edition statement | vol I |
| 260 ## - PUBLICATION, DISTRIBUTION, ETC. | |
| Place of publication, distribution, etc. | New York |
| Name of publisher, distributor, etc. | John F. Rider |
| Date of publication, distribution, etc. | 1964 |
| 300 ## - PHYSICAL DESCRIPTION | |
| Extent | 298p |
| 505 ## - FORMATTED CONTENTS NOTE | |
| Formatted contents note | Introduction (Page-1),TV Test Equipment (Page-9),Print Circuit(Page-27),CRT Display (Page-40),Chroma Section (Page-58),Color Sync Section (Page-80),Front And Servicing (Page-91),Video I-F Section (Page-109),Video Detector And AGC (Page-122),Video Amplifier (Page-138),Sync Section (Page-153),Sweep Section (Page-168),Sound Section (Page-196),High-Voltage (Page-206),Low-Voltage Power Supply (Page-213),Remote Control (Page-225),Alignment (Page-241),Antenna And Transmission (Page-257),Television Interference (Page-266),Transistor Television (Page-271). |
| 600 ## - SUBJECT ADDED ENTRY--PERSONAL NAME | |
| Personal name | Paul B.Zbar |
| 9 (RLIN) | 106265 |
| 650 ## - SUBJECT ADDED ENTRY--TOPICAL TERM | |
| Topical term or geographic name entry element | Servicing Techniques |
| 9 (RLIN) | 106266 |
| 942 ## - ADDED ENTRY ELEMENTS (KOHA) | |
| Source of classification or shelving scheme | |
| Koha item type | Book |
| Withdrawn status | Lost status | Source of classification or shelving scheme | Damaged status | Not for loan | Permanent Location | Current Location | Shelving location | Date acquired | Full call number | Barcode | Date last seen | Price effective from | Koha item type | Public note |
|---|---|---|---|---|---|---|---|---|---|---|---|---|---|---|
| Military College of Signals (MCS) | Military College of Signals (MCS) | General Stacks | 12/12/2016 | 621.388,ZBR | MCS6825 | 12/08/2016 | 12/12/2016 | Book | Almirah No.39, Shelf No.5 | |||||
| Military College of Signals (MCS) | Military College of Signals (MCS) | General Stacks | 12/12/2016 | 621.388,ZBR | MCS6826 | 12/08/2016 | 12/12/2016 | Book | Almirah No.39, Shelf No.5 |
